¡Auto-stop! (Record no. 188088)
[ view plain ]
| 000 -LEADER | |
|---|---|
| campo de control de longitud fija | 00752nam a2200217 i 4500 |
| 001 - NÚMERO DE CONTROL | |
| campo de control | 188088 |
| 003 - IDENTIFICADOR DE NÚMERO DE CONTROL | |
| campo de control | SpMaBN |
| 005 - FECHA Y HORA DE LA ÚLTIMA TRANSACCIÓN | |
| campo de control | 20230906223117.0 |
| 008 - DATOS DE LONGITUD FIJA--INFORMACIÓN GENERAL | |
| campo de control de longitud fija | 180427s1963 sp a |||| | spa d |
| 080 ## - NÚMERO DE LA CLASIFICACIÓN DECIMAL UNIVERSAL | |
| Número de la Clasificación Decimal Universal | 84-321.5"19" |
| 100 1# - ENTRADA PRINCIPAL--NOMBRE DE PERSONA | |
| Nombre de persona | Bergès, Yves-Guy. |
| 9 (RLIN) | 164707 |
| 245 11 - MENCIÓN DEL TÍTULO | |
| Título | ¡Auto-stop! |
| Resto del título | : (guía práctica y humoristica del "auto-stopista") / |
| Mención de responsabilidad, etc. | Yves-Guy Bergès ; ilustraciones de Muntañola ; [traducido por Antonio Valiente]. |
| 260 ## - PUBLICACIÓN, DISTRIBUCIÓN, ETC. | |
| Lugar de publicación, distribución, etc. | Barcelona : |
| Nombre del editor, distribuidor, etc. | Sagitario, |
| Fecha de publicación, distribución, etc. | [1963] |
| 300 ## - DESCRIPCIÓN FÍSICA | |
| Extensión | 170 p. : |
| Otras características físicas | il. ; |
| Dimensiones | 19 cm. |
| 490 1# - MENCIÓN DE SERIE | |
| Mención de serie | Ayer y hoy, humor ; |
| Designación de volumen o secuencia | 5 |
| 700 1# - ENTRADA AGREGADA--NOMBRE PERSONAL | |
| Nombre de persona | Muntañola, Joaquim. |
| 9 (RLIN) | 84244 |
| 700 1# - ENTRADA AGREGADA--NOMBRE PERSONAL | |
| Nombre de persona | Valiente, Antonio. |
| 9 (RLIN) | 112692 |
| 830 0# - PUNTO DE ACCESO ADICIONAL DE SERIE-TÍTULO UNIFORME | |
| Título uniforme | Ayer y hoy, humor ; |
| Designación de volumen o secuencia | 5 |
| 9 (RLIN) | 192992 |
| 852 ## - LOCALIZACIÓN | |
| Ubicación | ES-MaACL |
| Número de control de estantería | L-31982 |
| Estatus retirado | Estado de pérdida | Estado de daño | No para préstamo | Biblioteca de origen | Biblioteca actual | Ubicación en estantería | Fecha de adquisición | Fuente de adquisición | Total de préstamos | Signatura topográfica completa | Código de barras | Visto por última vez | Precio de reemplazo | Tipo de ítem Koha |
|---|---|---|---|---|---|---|---|---|---|---|---|---|---|---|
| Biblioteca del Ateneo de Madrid | Biblioteca del Ateneo de Madrid | Depósito 2 | 27/04/2018 | L-31982 | 1198783 | 23/02/2023 | 23/02/2023 | Libro impreso |
